000 00459nam a2200169Ia 4500
008 240729s9999 xx 000 0 und d
022 _a2673-7523
245 0 _aOnco
260 _aSwitzerland
260 _bMDPI AG
650 _a Internal medicine
650 _a Neoplasms. Tumors. Oncology. Including cancer and carcinogens
650 _aMedicine
856 _uhttps://doaj.org/toc/bc4960480bf044359d949e870003c754
942 _2ddc
942 _cDOAJEJ
999 _c68507
_d68507
945 _a1
_bMadushi Gamage
_c1
_dMadushi Gamage